India In 1925 - 26 Social Political and Economic Developments (Record no. 553248)
[ view plain ]
| 000 -LEADER | |
|---|---|
| fixed length control field | 00425nam a2200145 a 4500 |
| 082 ## - DEWEY DECIMAL CLASSIFICATION NUMBER | |
| Classification number | 954.0357 |
| Author Mark | COA |
| 100 1# - MAIN ENTRY--PERSONAL NAME | |
| Personal name | Williams , L. F |
| 9 (RLIN) | 50510 |
| 245 ## - TITLE STATEMENT | |
| Title | India In 1925 - 26 Social Political and Economic Developments |
| 260 ## - PUBLICATION, DISTRIBUTION, ETC. | |
| Place of publication, distribution, etc. | Delhi: |
| Name of publisher, distributor, etc. | Anmol Publication , |
| Date of publication, distribution, etc. | 1985 |
| 300 ## - PHYSICAL DESCRIPTION | |
| Extent | 463 p. |
| Other physical details | ill, |
| Dimensions | 26cm |
| 526 ## - STUDY PROGRAM INFORMATION NOTE | |
| Program name | 0 |
| Interest level | 0 |
| Reading level | 0 |
| Title point value | 954_035700000000000_COA |
| 650 #0 - SUBJECT ADDED ENTRY--TOPICAL TERM | |
| Topical term or geographic name entry element | India - History |
| 9 (RLIN) | 6814 |
| 650 #0 - SUBJECT ADDED ENTRY--TOPICAL TERM | |
| Topical term or geographic name entry element | MCE |
| 9 (RLIN) | 379 |
| 942 ## - ADDED ENTRY ELEMENTS (KOHA) | |
| Source of classification or shelving scheme | |
| Koha item type | Book |
| Withdrawn status | Lost status | Source of classification or shelving scheme | Damaged status | Not for loan | Permanent Location | Current Location | Shelving location | Date acquired | Total Checkouts | Full call number | Barcode | Date last seen | Price effective from | Koha item type |
|---|---|---|---|---|---|---|---|---|---|---|---|---|---|---|
| Military College of Engineering (MCE) | Military College of Engineering (MCE) | 02/03/2015 | 954.0357 COA | MCE-EC1/14 | 02/03/2015 | 03/14/2021 | Book |
